000 00309nam a22001337a 4500
020 _a97881265110
082 _a621.381
100 _aSmith, Ralph J.
245 _aCIRCUITS DEVICES AND SYSTEMS
260 _aNew Delhi:
_bJohn Wiley;
_c2010.
300 _a868p. ;
_b26 cm.
500 _aPaperback.
942 _cBK
999 _c32601
_d32601